000 00720nam a2200229Ia 4500
001 9097
003 GE_BSU
008 181216s||||||||xx |||||||||||||| ||und||
040 _cGE_BSU
080 _a821.353.1-1
100 _aლებანიძე, მურმან
245 _aსვანური რვეული
245 _bლექსები.
245 _cრედ:.ვ.ჯავახაძე;მხატვ:გ.ოჩიაური
260 _aთბილისი.
260 _bსაბჭ.საქართველო
260 _c1964
300 _a77გვ;17სმ.
653 _aლექსები.
653 _aსვანური რვეული
942 _cBK
999 _c42401
_d42401